| 000 | 01176cam a22001934a 4500 | ||
|---|---|---|---|
| 005 | 20250605163341.0 | ||
| 008 | 250528s ||||||||||||||||||||||||d | ||
| 035 | _a17381 | ||
| 020 | _a751770116 | ||
| 040 |
_aGR-AtMCL _bgre _dGR-AtMCL _eAACR2 |
||
| 245 | 1 | _aBTEC HNC HND Business / Core Module Two: Operating Environment | |
| 250 | _a1st | ||
| 260 |
_bBpp Publishing, _c1996 |
||
| 300 | _a320 | ||
| 520 | _aThis study text on OPERATING ENVIRONMENT has been written specifically fpr Core Module 2 of the BTEC HND in Business. It gives full coverage of the BTEC guidelines for learning outcomes and suggested content. Preface, BTEC Guidelines, Study Guide, Explaining the Mixed Economy, The State and the Business Environment, The European Union and the Business Environment, The UK Financial System, Technology and Society: The Impact of Change, Social Trends and Community Processes, Competing in Markets, Protecting the Environment: Green Issues, Consumer Protection, International Trade, People in the Workplace, Social Responsibility and Business Ethics, Answers to Assignments, Glossary, Index, Review Form. | ||
| 942 | _cBK | ||
| 999 |
_c2804 _d2804 |
||